00000000nam##2200000za#4500
0019.531603
003CaOODSP
00520200327071618
007ta
008150406|1999||||xxc|||||     f|0| 0 fre|d
020 |a0-660-60801-4
040 |aCaOODSP|bfre
041 |aeng
041 |afre
043 |an-cn---
0861 |aBT31-2/2000-III-14
1101 |aCanada. |bConseil du trésor.
24510|aOffice national de l'énergie
260 |aOttawa - Ontario : |bSecrétariat du Conseil du Trésor du Canada |c1999.
300 |aTexte français, 43p. : |bfigures, tableaux ; |c28 cm.
4901 |aBudget des dépenses 1999-2000, partie III: Rapport sur les plans et les priorités
546 |aBilingue
563 |aCouverture souple
590 |a99-13|b1999-04-01
69107|aPrévisions budgétaires|2gcpds
7760#|tNational Energy Board, 1999-2000 estimates, part III, report on plans and priorities |w(CaOODSP)9.567707
7760#|tOffice national de l'énergie, budget des dépenses 1999-2000, partie III, rapport sur les plans et priorités |w(CaOODSP)9.599036
791 |tNational Energy Board |eeng|w(CaOODSP)9.531602
830#0|aBudget des dépenses 1999-2000, partie III: Rapport sur les plans et les priorités.|w(CaOODSP)9.508963